000 00628nas a2200229 4500
001 BR9602879
003 BR-BrBNA
005 20231205095753.0
007 ta
008 230509b bl.|||p| |||| 00| 00por d
040 _aBR-BrBNA
_bpor
_cBiblioteca Nacional de Agricultura
041 _a(Pt)
072 _aL20
100 1 _aAnon.
245 1 _aA cigarra canta o verao e mamae bugio trabalha
650 _aPapagaio
650 _aCigarra
650 _aComportamento Animal
773 0 _tGuia Rural (Brazil)
_x
_g(Dec 1988), v. 2(12) p. 14-19
_wBR9602879
909 _a202311
_bLúcia
_c55
_dLúcia Elande
942 _2AGRIS
_n0
_cANA
999 _c152608
_d152608